000 00430cam a2200193ua 4500
020 _c1.75
041 _amal
_h
082 _a894.812809
_bVIS/SO
100 _aViswambaran, Kilimanoor .
245 _aSoundarya darsanam
260 _aQuilon :
_bM.S Book Depot ,
_c1966.
300 _a115 ; .
365 _a1.75
504 _a
942 _cBK
999 _c4313
_d4313